| 000 | 00540cam a2200193 4500 | ||
|---|---|---|---|
| 001 | 45398 | ||
| 090 | _a45398 | ||
| 100 | _a19900322d1943 em y0pory5003 ba | ||
| 101 | 0 | _apor | |
| 102 | _aPT | ||
| 200 | 1 |
_aIntroducão à lógica _fEdmundo Curvelo |
|
| 210 | 9 |
_aLisboa _cCosmos, _dimp. 1943 |
|
| 215 |
_a158, [2] p. _cil. _d20 cm |
||
| 225 | 2 |
_aBiblioteca Cosmos _v45 _h1.ª seccão. _iCiências e técnicas _v20 |
|
| 675 |
_a510.6(043.2) _vBN _zpor |
||
| 675 |
_a16 _vBN _zpor |
||
| 700 | 1 |
_aCurvelo, _bEdmundo, _f1913-1954 |
|
| 801 | 0 |
_aPT _bBN _gRPC |
|
| 990 | _cLIVROS | ||